Key.vi - Váš mobilný telefón je Váš kľúč do dverí

Gespeichert in:
Bibliographische Detailangaben
1. Verfasser: Slávik, Štefan, 1955-
Format: Buchkapitel
Sprache:Slowakisch
Schlagworte:
Tags: Tag hinzufügen
Keine Tags, Fügen Sie das erste Tag hinzu!

MARC

LEADER 00000naa$a2200000$$$4500
001 0225992
005 20240502073717.7
041 0 |a slo 
044 |a SK 
245 1 0 |a Key.vi - Váš mobilný telefón je Váš kľúč do dverí  |c Štefan Slávik 
610 2 0 |a štúdie prípadové 
610 2 0 |a start-up 
610 2 0 |a aplikácie mobilné 
610 2 0 |a softvér 
610 2 0 |a hardvér 
610 2 0 |a telefón mobilný 
100 1 |a Slávik, Štefan, 1955-